| 000 | 00762cam a2200253 4500 | ||
|---|---|---|---|
| 999 |
_c216085 _d216085 |
||
| 003 | OSt | ||
| 005 | 20260113125553.0 | ||
| 008 | 170404n 000 0 eng u | ||
| 020 | _a9780323030106 | ||
| 020 | _a0323030106 | ||
| 035 | _a(Sirsi) a202291 | ||
| 040 |
_aLC _cUNZA _eRDA |
||
| 050 |
_aRT 84.5 _bNUR 2006 |
||
| 245 |
_aNursing theorists and their work / _cAnn Marriner Tomey; Martha Raile Alligood, |
||
| 250 | _aSixth edition. | ||
| 260 |
_aSt. Louis : _b Elsevier, _c 2006. |
||
| 300 |
_axx, 828pages : _billustrations |
||
| 504 | _aIncludes bibliographical references and index. | ||
| 650 | _aNursing theory. | ||
| 650 | _aModels, Nursing. | ||
| 650 | _aNurses biography. | ||
| 700 | _aAlligood, Martha Raile. | ||
| 942 |
_2lcc _cBOOK |
||